LEADER 01552cmm1 2200421 450 001 990003140180203316 005 20141223121635.0 010 $a88-8290-067-3 035 $a000314018 035 $aUSA01000314018 035 $a(ALEPH)000314018USA01 035 $a000314018 100 $a20080903d20022004km-y0itay50------ba 101 0 $aita 102 $aIT 105 $aa---||||001yy 200 1 $aHistoria plantarum$eMs 459 Biblioteca Casanatense$el'enciclopedia medica dell'imperatore Venceslao 210 $aModena$cPanini$d2002-2004 215 $a2 volumi, 1 CD-ROM$d33 cm 300 $aTitolo del contenitore 300 $aIn custodia 463 \1$1001990003140190203316$12001 $aHistoria plantarum 463 \1$1001990003140200203316$12001 $aHistoria plantarum : erbe, oro e medicina nei codici medievali$evolume di commento 463 \1$1001990003140210203316$12001 $aMs 459 Biblioteca Casanatense$el'enciclopedia medica dell'imperatore Venceslao [Risorsa elettronica] 606 0 $aErbari [:] Ms. 459 $2BNCF 676 $a581.634 801 0$aIT$bsalbc$gISBD 912 $a990003140180203316 951 $aXII.2. Coll. 43/ 14/$bL.M.$cII.6. 959 $aBK 969 $aUMA 979 $aPAOLA$b90$c20080903$lUSA01$h1130 979 $aPAOLA$b90$c20080903$lUSA01$h1132 979 $aPAOLA$b90$c20080903$lUSA01$h1225 979 $aANNAMARIA$b90$c20141223$lUSA01$h1150 979 $aANNAMARIA$b90$c20141223$lUSA01$h1216 996 $aHistoria plantarum$9752159 997 $aUNISA LEADER 01785nam 2200397Ia 450 001 996384723003316 005 20221107142954.0 035 $a(CKB)4940000000073228 035 $a(EEBO)2240866740 035 $a(OCoLC)11415472 035 $a(EXLCZ)994940000000073228 100 $a19841121d1656 uy | 101 0 $aeng 135 $aurbn||||a|bb| 200 10$aWisdomes character and counterfeit$b[electronic resource] $edeliniated in two sermons : the one on the epistle of St. James, chap. 3.17 ; the other on the gospel of St. Matth., chap. 2.8 /$fby Nath. Hardy 210 $aLondon $cPrinted by J.G. for John Clark, and are to be sold at his shop ...$d1656 215 $a[4], 35, [4], 31 p 300 $aFirst sermon has running title: Wisdomes character ; second sermon has running title: Wisdomes counterfeit. 300 $aSecond sermon has special t.p. and separate pagination ; t.p. reads: Wisdomes counterfeit, or, Herodian policy, unmasked in a sermon ... 300 $aAdded t.p. reads: Wisdomes character, or, The Queen of graces, set forth in a sermon preached at the assizes holden at Aylesbury for the county of Buckingham, on Friday March 21 ... 1655. 300 $aDedicated "to the worshipfull George Tash, esq. High Sheriff of the county of Buckingham ..." 300 $aReproduction of original in the Harvard University Library. 330 $aeebo-0062 606 $aGod$xWisdom 606 $aSermons, English$y17th century 615 0$aGod$xWisdom. 615 0$aSermons, English 700 $aHardy$b Nathaniel$f1618-1670.$0821523 801 0$bEAK 801 1$bEAK 801 2$bUMI 801 2$bWaOLN 906 $aBOOK 912 $a996384723003316 996 $aWisdomes character and counterfeit$92374553 997 $aUNISA